[Event "OP-2014-0-03528"]
[Site "LSS email"]
[Date "2014.10.17"]
[Round "?"]
[White "Heiser, Jerome"]
[Black "Pakfolska, Maria"]
[Result "0-1"]
[WhiteElo "595"]
[BlackElo "1666"]
[PlyCount "66"]
[EventDate "2014.10.13"]
[EventType "tourn (corr)"]
[EventRounds "4"]
[EventCountry "GER"]
[SourceTitle "Corr 2015"]
[Source "ChessBase"]
[SourceDate "2015.07.17"]
[SourceVersion "1"]
[SourceVersionDate "2015.07.17"]
[SourceQuality "1"]

1. e4 f6 2. Nc3 g5 3. d4 b6 4. d5 Bb7 5. Nf3 h5 6. h4 g4 7. Nh2 e6 8. dxe6 Bb4 9. Nxg4 hxg4 10. Qxg4 Qe7 11. Qg6+ Kf8 12. Qf7+ Qxf7 13. exf7 Bxc3+ 14. bxc3 Ne7 15. Bc4 Bxe4 16. Bb3 Bxg2 17. Rg1 Bd5 18. Bxd5 Nxd5 19. c4 Ne7 20. Bb2 Kxf7 21. Rd1 Rxh4 22. Rd4 Rxd4 23. Bxd4 Nbc6 24. Bc3 Rh8 25. Rg3 Rh4 26. c5 bxc5 27. a3 Ne5 28. Kd1 Nc4 29. a4 Nd5 30. Rf3 Nf4 31. a5 Rh1+ 32. Be1 Ng2 33. Re3 Ncxe3+ 0-1

[Event "CP-2014-P-00052"]
[Site "LSS email"]
[Date "2014.09.30"]
[Round "?"]
[White "Vujadinovic, Milan"]
[Black "Pakfolska, Maria"]
[Result "0-1"]
[WhiteElo "2110"]
[BlackElo "1400"]
[PlyCount "54"]
[EventDate "2014.10.01"]
[EventType "tourn (corr)"]
[EventRounds "6"]
[EventCountry "GER"]
[SourceTitle "Corr 2022"]
[Source "ChessBase"]
[SourceDate "2021.10.24"]
[SourceVersion "1"]
[SourceVersionDate "2021.10.24"]
[SourceQuality "1"]

1. e4 e6 2. b3 d5 3. Bb2 c5 4. exd5 exd5 5. Bb5+ Nc6 6. Nf3 Nf6 7. Qe2+ Be7 8. Ne5 Qb6 9. Bxc6+ bxc6 10. Nc3 0-0 11. 0-0 Ba6 12. d3 Qc7 13. Rae1 Bd6 14. f4 Rfe8 15. Qf3 c4 16. Na4 cxd3 17. cxd3 c5 18. Rc1 Rac8 19. Rfe1 Qa5 20. Bc3 Qb5 21. Bd2 Bb7 22. Qf2 d4 23. Nb2 Nd5 24. Nbc4 Bc7 25. h3 f6 26. Nf3 Qd7 27. Nh4 Nc3 0-1

[Event "OP-2014-0-03512"]
[Site "LSS email"]
[Date "2014.09.28"]
[Round "?"]
[White "Pakfolska, Maria"]
[Black "Hickl, Norbert"]
[Result "1-0"]
[WhiteElo "1666"]
[BlackElo "924"]
[PlyCount "27"]
[EventDate "2014.09.23"]
[EventType "tourn (corr)"]
[EventRounds "4"]
[EventCountry "GER"]
[SourceTitle "Corr 2015"]
[Source "ChessBase"]
[SourceDate "2015.07.17"]
[SourceVersion "1"]
[SourceVersionDate "2015.07.17"]
[SourceQuality "1"]

1. e4 e6 2. d4 d5 3. e5 c5 4. b4 cxd4 5. a3 Nc6 6. f4 Nh6 7. Nf3 Be7 8. Bd3 0-0 9. Nbd2 Nf5 10. Qe2 Bh4+ 11. g3 Bxg3+ 12. hxg3 Nxg3 13. Bxh7+ Kh8 14. Qh2 1-0

[Event "OP-2014-0-03505"]
[Site "LSS email"]
[Date "2014.09.26"]
[Round "?"]
[White "Osipov, Anatoly Vladimirovi"]
[Black "Pakfolska, Maria"]
[Result "1/2-1/2"]
[WhiteElo "2155"]
[BlackElo "1666"]
[PlyCount "99"]
[EventDate "2014.09.16"]
[EventType "tourn (corr)"]
[EventRounds "4"]
[EventCountry "GER"]
[SourceTitle "Corr 2015"]
[Source "ChessBase"]
[SourceDate "2015.07.17"]
[SourceVersion "1"]
[SourceVersionDate "2015.07.17"]
[SourceQuality "1"]

1. e4 e6 2. d4 d5 3. e5 c5 4. c3 Bd7 5. Nf3 Nc6 6. Be2 Nge7 7. 0-0 cxd4 8. cxd4 Nf5 9. Nc3 Rc8 10. Bg5 Qb6 11. Na4 Qa5 12. Rc1 h6 13. Be3 b5 14. Nc5 Bxc5 15. Rxc5 Qxa2 16. Qa1 Qxa1 17. Rxa1 b4 18. Bb5 Nfe7 19. Nd2 a5 20. Nb3 Ra8 21. h3 f5 22. exf6 gxf6 23. Rcc1 Kf7 24. Nc5 Be8 25. b3 Nf5 26. Nxe6 Kxe6 27. Bxc6 Bxc6 28. Rxc6+ Kf7 29. g4 Nxe3 30. fxe3 Rae8 31. Kf2 h5 32. g5 fxg5 33. Rxa5 g4 34. Rxd5 gxh3 35. Rf5+ Ke7 36. Rcc5 Ref8 37. Rce5+ Kd7 38. Rxf8 Rxf8+ 39. Kg3 Rf1 40. Rxh5 Rb1 41. Rxh3 Rxb3 42. Kf3 Rb1 43. Ke4 Rc1 44. Kd3 Kc6 45. Rh2 Kb5 46. Rh5+ Ka4 47. e4 b3 48. Rh8 b2 49. Ra8+ Kb3 50. Rb8+ 1/2-1/2